| 000 | 00494nam a22001577a 4500 | ||
|---|---|---|---|
| 003 | OSt | ||
| 005 | 20151002150237.0 | ||
| 008 | 151002b xxu||||| |||| 00| 0 eng d | ||
| 040 | _cRUA | ||
| 082 | _aAGR LAY 2012 B050 Or.1 | ||
| 100 |
_91781 _aLAT, SOPEARY |
||
| 245 | _aEffect of weed control methods on ir66 rice variety under dry season condition in osaray commune, tram kok district, takeo province | ||
| 260 |
_aPhnom Penh _bRUA _c2012 |
||
| 300 |
_axi; 56p. _bill. _c29cm. |
||
| 942 |
_2ddc _cAGR |
||
| 999 |
_c1682 _d1682 |
||